| 000 | 00761cam a22002531 4500 | ||
|---|---|---|---|
| 001 | sa 67002993 | ||
| 003 | DLC | ||
| 005 | 20260227112335.0 | ||
| 008 | 830111s1967 ii l 000 0 eng | ||
| 010 | _asa 67002993 | ||
| 035 | _a(OCoLC)9119677 | ||
| 040 |
_aDLC _cMoU _dDLC |
||
| 042 | _apremarc | ||
| 050 | 0 | 0 |
_aKNS2176 _b.S66 1967 |
| 100 | 1 |
_aSrivastava, Gur Sharan Lal, _d1910- |
|
| 245 | 1 | 0 |
_aLaw of Indian elections and election petitions. _cWith a foreword by J.K. Tandon. |
| 250 | _a[3d ed.] | ||
| 260 |
_aLucknow, _bEastern Book Co. _c[1967] |
||
| 300 |
_a2 v. _c24 cm. |
||
| 500 | _aIncludes legislation. | ||
| 505 | 0 | _av. 1. Law of Indian elections.--v. 2. Law of petitions. | |
| 650 | 0 |
_aElection law _zIndia. |
|
| 710 | 1 | _aIndia (Republic). | |
| 999 |
_c73581 _d73581 |
||